| 000 | 01059nam a2200265 a 4500 | ||
|---|---|---|---|
| 005 | 20240412114613.0 | ||
| 008 | 100804t2013||||sp a f1 s1 0pspadd | ||
| 020 | _a9788498357066 | ||
| 041 | _aspa | ||
| 092 |
_c616.0274 _l3 _sARA |
||
| 100 | 1 |
_aAragonés Manzanares, Rocío _eCoord. _92193 |
|
| 245 |
_aUrgencias en cuidados críticos en Reumatología / _cRocío Aragonés Manzanares |
||
| 250 | _a1a ed. | ||
| 260 |
_aMadrid: _bEditorial Médica Panamericana; _c2013. |
||
| 300 |
_a414 p. _bil. _c17 cm. |
||
| 500 | _aAragonés Manzanares, R. y Jiménez Núñez, F. G. (Coords.). (2013). Urgencias en cuidados críticos en Reumatología. (1a ed.). Madrid : Editorial Médica Panamericana. | ||
| 653 | _aUrgencias reumatológicas | ||
| 653 | _aComplicaciones sistémicas de las enfermedades reumáticas | ||
| 653 | _aEnfermedades infecciosas en reumatología | ||
| 653 | _aCuidados intensivos y reumatología | ||
| 653 | _aFármacos | ||
| 653 | _aImagenología | ||
| 700 | 1 |
_aJiménez Núñez, Francisco Gabriel _eCoord. _93024 |
|
| 942 |
_2ddc _cBK |
||
| 999 |
_c2228 _d2228 |
||